=LDR 00000nam 2200000 4500 =001 NUTBA000000000001991 =005 20140528134208.0 =006 =007 =008 =020 ##$$a 979-460-857-2 =035 ##$$0010-051400000000456 =082 ##$$a 530.07 =090 ##$$a 530.07 $b Pur i =100 ##$$a Endang Purwanti =245 ##$$a Ilmu Pengetahuan Alam Fisika kelas VIII Smp dan MTs $c Endang Purwanti, M. Mukti Aji =260 ##$$a Klaten $b Intan Pariwara $c 2006 =300 ##$$a viii, 152 hlm $b ilus $c 30 cm =650 ##$$a Fisika - Studi dan Pengajaran =700 ##$$a M. Mukti Aji =850 ##$$a NBPBMAT =990 ##$$a 21400613/BPAP-NTB/20142014 =990 ##$$a 0001/BPAP-NTB/20142014 =990 ##$$a 21400613/BPAP-NTB/20142014 =990 ##$$a 21400613/BPAP-NTB/20142014 =990 ##$$a 21400613/BPAP-NTB/20142014 =990 ##$$a 0001/BPAP-NTB/20142014